00262nam a2200109Ia 4500008004100000041001200041082001100053100001800064245005800082260000600140650000600146221030s9999 xx 000 0 und d aEnglish a105.23 aA. P. Malvino 0aDigital principles and applicationscby A. P. Malvino c0 aB